| 000 | 01141nam a2200265Ia 4500 | ||
|---|---|---|---|
| 001 | 282.8-BON ba co (2307) | ||
| 003 | IT-MiSPE | ||
| 008 | 171229s9999||||xx |||||||||||||| ||und|| | ||
| 040 |
_aIT-MiSPE _cIT-MiSPE |
||
| 041 | _aITALIANO | ||
| 100 |
_aBonaventura da Bagnoregio _gsanto |
||
| 240 | _aCollationes in Hexaëmeron | ||
| 245 | 0 |
_aLa sapienza cristiana _bCollationes in Hexaëmeron |
|
| 250 | _a1a ed. (v) | ||
| 260 |
_aMilano _bJaca Book _c1985 |
||
| 300 |
_aXI, 339 p. _c23 cm |
||
| 490 |
_aDi fronte e attraverso _v141 |
||
| 501 | _aEdizioni San Paolo srl - Piazza Soncino, 5 - 20092 CINISELLO BALSAMO (MI) (non commercial uses only) ® Copyright 2018 | ||
| 520 | _a Inos Biffi (edit.) | ||
| 700 | _aInos Biffi | ||
| 700 | _aVincenzo Cherubino Bigi | ||
| 942 | _cBK | ||
| 957 | _71 | ||
| 999 |
_a16044 _bNO _g Copie: 1 _c349515 _d349515 |
||